000 00378nam a2200145Ia 4500
005 20251222152005.0
008 251222s9999||||xx |||||||||||||| ||spa||
020 _a8479083646
082 _a628.146/R53
100 _aRico Amorés, Antonio M.
245 0 _aAgua y desarrollo en la comunidad valenciana
250 _a1ra.ed.
264 _bAlicante Publicaciones
942 _cLIB
999 _c24693
_d24693